1667 1511 1777 1436 1621 1911 1876 1685 1367 1997 1367 1209 1137 1707 1126 1514 1339 1537 1764 1527 1236 1147 1089 1380 1636 1289 1045 1183 1616 1723 1917 1535 1262 1371 1044 1411 1335 1393 1391 1881 1149 1029 1668 1377 1102 1025 1338 1274 1633 1627 1543 1959 1596 1303 1124 1013 1354 1469 1256 1305 1948 1378 1892 1887 1298 1202 1550 1720 1512 1132 1206 1912 1188 1582 1227 1804 1217 1460 1834 1633 1860 1973 1996 1556 1715 1145 1834 1481 1437 1467 1950 1840 1451 1275 1646 1417 1742 1916 1082 BCNSPRNW ULIB Ver.6.0+V

เปลี่ยนเป็นภาษาไทย

Change to English
 แสดงรายละเอียดบรรณานุกรม
  กลับหน้าหลัก

Brief Record : Get Marc (ISO 2709) : E-mail record : QR code < ปิดหน้าต่าง
LEADER : 00000nam 2200000uu 4500
001    13399122305
003     ULIB
008    130207s2555||||th 000 0 tha d
020    ^a9789746727068
060  0 ^aWY106^bศ542ก
100 0  ^aศิวพร อึ้งวัฒนา
245 00 ^aการพยาบาลชุมชน /^cศิวพร อึ้งวัฒนา
250    ^aพิมพ์ครั้งที่1
260    ^aเชียงใหม่ :^bโครงการตำรา คณะพยาบาลศาสตร์ มหาวิทยาลัยเชียงใหม่,^c2555
300    ^a262 หน้า :^bตาราง;^c24.5 ซม.
650  7 ^aการพยาบาลชุมชน
650  7 ^aการพยาบาลอนามัยชุมชน
700 0  ^aพรพรรณ ทรัพย์ไพบูลย์กิจ
945    ^p250^l0^i033436
945    ^p250^l0^i033489
945    ^p250^l0^i033490
945    ^p250^l0^i033491
945    ^p250^l0^i033492
945    ^p250^l0^i033493
945    ^p250^l0^i033494
945    ^p250^l0^i033495
945    ^p250^l0^i033496
945    ^p250^l0^i033497
945    ^p250^l0^i033790
945    ^p250^l0^i033791
945    ^p250^l0^i033792
999    ^a เกษร
รายการนี้ยังไม่มีแท็ก
คุณยังไม่ได้ล็อกอิน คุณสามารถมีกิจกรรมร่วมกับเว็บไซต์ได้ แต่ต้องล็อกอินก่อน ::
  ล็อกอิน

รายการสื่อสารสนเทศ

ลำดับที่ ประเภท เลขเรียก/บาร์โค้ด สถานที่ สถานะ
1. Book การพยาบาล
หนังสือสำรอง
สถานะ=หนังสือสำรอง
WY106 ศ542ก ฉ.1 
  Barcode: 033436
ห้องสมุดวิทยาเขตสวรรค์ประชารักษ์
►ส่วนจัดเก็บหนังสือเก่า สปร
บนชั้น
  ขอยืม
2. Book การพยาบาล
Book การพยาบาล
WY106 ศ542ก ฉ.10 
  Barcode: 033497
ห้องสมุดวิทยาเขตสวรรค์ประชารักษ์
►ส่วนจัดเก็บหนังสือเก่า สปร
บนชั้น
  ขอยืม
3. Book การพยาบาล
Book การพยาบาล
WY106 ศ542ก ฉ.11 
  Barcode: 033790
ห้องสมุดวิทยาเขตสวรรค์ประชารักษ์
►ส่วนจัดเก็บหนังสือเก่า สปร
บนชั้น
  ขอยืม
4. Book การพยาบาล
Book การพยาบาล
WY106 ศ542ก ฉ.12 
  Barcode: 033791
ห้องสมุดวิทยาเขตสวรรค์ประชารักษ์
►ส่วนจัดเก็บหนังสือเก่า สปร
บนชั้น
  ขอยืม
5. Book การพยาบาล
Book การพยาบาล
WY106 ศ542ก ฉ.13 
  Barcode: 033792
ห้องสมุดวิทยาเขตสวรรค์ประชารักษ์
►ส่วนจัดเก็บหนังสือเก่า สปร
บนชั้น
  ขอยืม
6. Book การพยาบาล
Book การพยาบาล
WY106 ศ542ก ฉ.2 
  Barcode: 033489
ห้องสมุดวิทยาเขตสวรรค์ประชารักษ์
►ส่วนจัดเก็บหนังสือเก่า สปร
บนชั้น
  ขอยืม
7. Book การพยาบาล
Book การพยาบาล
WY106 ศ542ก ฉ.3 
  Barcode: 033490
ห้องสมุดวิทยาเขตสวรรค์ประชารักษ์
►ส่วนจัดเก็บหนังสือเก่า สปร
บนชั้น
  ขอยืม
8. Book การพยาบาล
Book การพยาบาล
WY106 ศ542ก ฉ.4 
  Barcode: 033491
ห้องสมุดวิทยาเขตสวรรค์ประชารักษ์
►ส่วนจัดเก็บหนังสือเก่า สปร
บนชั้น
  ขอยืม
9. Book การพยาบาล
Book การพยาบาล
WY106 ศ542ก ฉ.5 
  Barcode: 033492
ห้องสมุดวิทยาเขตสวรรค์ประชารักษ์
►ส่วนจัดเก็บหนังสือเก่า สปร
บนชั้น
  ขอยืม
10. Book การพยาบาล
Book การพยาบาล
WY106 ศ542ก ฉ.6 
  Barcode: 033493
ห้องสมุดวิทยาเขตสวรรค์ประชารักษ์
►ส่วนจัดเก็บหนังสือเก่า สปร
บนชั้น
  ขอยืม
11. Book การพยาบาล
Book การพยาบาล
WY106 ศ542ก ฉ.7 
  Barcode: 033494
ห้องสมุดวิทยาเขตสวรรค์ประชารักษ์
►ส่วนจัดเก็บหนังสือเก่า สปร
บนชั้น
  ขอยืม
12. Book การพยาบาล
Book การพยาบาล
WY106 ศ542ก ฉ.8 
  Barcode: 033495
ห้องสมุดวิทยาเขตสวรรค์ประชารักษ์
►ส่วนจัดเก็บหนังสือเก่า สปร
บนชั้น
  ขอยืม
13. Book การพยาบาล
Book การพยาบาล
WY106 ศ542ก ฉ.9 
  Barcode: 033496
ห้องสมุดวิทยาเขตสวรรค์ประชารักษ์
►ส่วนจัดเก็บหนังสือเก่า สปร
บนชั้น
  ขอยืม

รายการใกล้เคียง
    ผู้แต่ง [ศิวพร อึ้งวัฒนา]

    หัวเรื่อง [การพยาบาลชุมชน]
    หัวเรื่อง [การพยาบาลอนามัยชุมชน]

BibComment


ยังไม่เคยถูกคอมเมนท์

คอมเมนท์ทรัพยากรรายการนี้
  คอมเมนท์: การพยาบาลชุมชน ..

สมาชิกที่บันทึกรายการนี้ไว้ในรายการโปรด
นายขวัญชัย ส่างแก้ว

 Copyright 2026. Bcnsprnw @Library